000 00203 a2200097 4500
001 1468
100 _aBarnett, O T
245 _aTiller metals for joining
260 _a
_bReinhold
_c
090 _c1011
_d1011
942 _aNUST-CAE
_cM
_c126
999 _c236541
_d236541